| 000 | 00410nam a2200145Ia 4500 | ||
|---|---|---|---|
| 008 | 230917s9999||||xx |||||||||||||| ||und|| | ||
| 040 |
_e172001 _aMAIN |
||
| 041 | _aEnglish | ||
| 082 | _a891.431731 IA1S:FA | ||
| 100 | _aईमान, अख्तरूल | ||
| 245 | 0 | _aसरो-सामाँ | |
| 260 |
_aनई दिल्ली _bसारांश _c1996 |
||
| 300 | _a407 पृ. p. | ||
| 942 | _cHN | ||
| 999 |
_c129278 _d129278 |
||